<?xml version="1.0" encoding="UTF-8"?>
<record
    xmlns:xsi="http://www.w3.org/2001/XMLSchema-instance"
    xsi:schemaLocation="http://www.loc.gov/MARC21/slim http://www.loc.gov/standards/marcxml/schema/MARC21slim.xsd"
    xmlns="http://www.loc.gov/MARC21/slim">

  <leader>03377nam a2200349 a 4500</leader>
  <controlfield tag="001">ebr10558136</controlfield>
  <controlfield tag="003">CaPaEBR</controlfield>
  <controlfield tag="006">m        u        </controlfield>
  <controlfield tag="007">cr cn|||||||||</controlfield>
  <controlfield tag="008">111005s2012    njuadf  sb    001 0 eng d</controlfield>
  <datafield tag="010" ind1=" " ind2=" ">
    <subfield code="z">  2011041434</subfield>
  </datafield>
  <datafield tag="020" ind1=" " ind2=" ">
    <subfield code="z">9780470582268 (cloth)</subfield>
  </datafield>
  <datafield tag="020" ind1=" " ind2=" ">
    <subfield code="z">9781118259467 (e-book)</subfield>
  </datafield>
  <datafield tag="040" ind1=" " ind2=" ">
    <subfield code="a">CaPaEBR</subfield>
    <subfield code="c">CaPaEBR</subfield>
  </datafield>
  <datafield tag="035" ind1=" " ind2=" ">
    <subfield code="a">(OCoLC)785811589</subfield>
  </datafield>
  <datafield tag="050" ind1="1" ind2="4">
    <subfield code="a">QK99.A1</subfield>
    <subfield code="b">P53 2012eb</subfield>
  </datafield>
  <datafield tag="082" ind1="0" ind2="4">
    <subfield code="a">615.3/21</subfield>
    <subfield code="2">23</subfield>
  </datafield>
  <datafield tag="245" ind1="0" ind2="0">
    <subfield code="a">Plant bioactives and drug discovery</subfield>
    <subfield code="h">[electronic resource] :</subfield>
    <subfield code="b">principles, practice, and perspectives /</subfield>
    <subfield code="c">edited by Valdir Cechinel-Filho.</subfield>
  </datafield>
  <datafield tag="260" ind1=" " ind2=" ">
    <subfield code="a">Hoboken, N.J. :</subfield>
    <subfield code="b">John Wiley &amp; Sons,</subfield>
    <subfield code="c">c2012.</subfield>
  </datafield>
  <datafield tag="300" ind1=" " ind2=" ">
    <subfield code="a">xix, 565 p., [4] p. of plates :</subfield>
    <subfield code="b">ill. (some col.).</subfield>
  </datafield>
  <datafield tag="490" ind1="1" ind2=" ">
    <subfield code="a">Wiley series in drug discovery and development</subfield>
  </datafield>
  <datafield tag="504" ind1=" " ind2=" ">
    <subfield code="a">Includes bibliographical references and index.</subfield>
  </datafield>
  <datafield tag="505" ind1="0" ind2=" ">
    <subfield code="a">Natural products in drug discovery : recents advances / Gordon M. Cragg, Paul G. Grothaus, David J. Newman -- Modern approaches in the search for new active compounds from crude extracts of natural sources / Emerson F. Queiroz, Kurt Hostettmann, Jean-Luc Wolfender -- Natural product as lead compounds in medicinal chemistry / Eliezer J. Barreiro, Carlos A.M. Fraga, Lidia M. Lima -- The importance of structural manipulation of natural compounds in drug discovery and development / Arturo San Feliciano ... [et al.] -- The action of plants and their constituents on the central nervous system / Fulvio R. Mendes ... [et al.] -- The role of natural products in discovery of new anti-infective agents with emphasis on antifungal compounds / Maximiliano Sortino ... [et al.] -- Antiulcer agents from higher plants / Luiz C. Klein-Junior, Jos&#xFFFD;e R. Santin, S&#xFFFD;ergio F. de Andrade -- Recent progress in the chemistry and biology of paclitaxel (Taxol) and related taxanes / Jun Qi, Jielu Zhao, David G.I. Kingston -- Cancer chemopreventive activity of higher plants / A. Douglas Kinghorn ... [et al.] -- Medicinal plants and pharmaceutical technology / Ruth M. Lucinda da Silva, Ang&#xFFFD;elica G. Couto, Tania M.B. Bresolin -- Natural products in clinical trials / Sigrun Chrubasik -- The influence of biotic and abiotic factors on the production of secondary metabolites in medicinal plants / Dayana R. Gouveia, Leonardo Gobbo-Neto, Norberto P. Lopes -- Production of bioactives compounds : the importance of Pictet-Spengler reaction in the XXI century / Pilar Menendez ... [et al.] -- Screening methods for drug discovery from plants / Alan L. Harvey -- Phytotherapeutics: intellectual property rights, global market, and global regulatory guidelines / James D. McChesney, Raymond Cooper, Kip Vought -- Cooperation between the pharmaceutical industry and academic institutions in drug discovery / Valdir Cechinel Filho, Rivaldo Niero, and Rosendo A. Yunes.</subfield>
  </datafield>
  <datafield tag="533" ind1=" " ind2=" ">
    <subfield code="a">Electronic reproduction.</subfield>
    <subfield code="b">Palo Alto, Calif. :</subfield>
    <subfield code="c">ebrary,</subfield>
    <subfield code="d">2013.</subfield>
    <subfield code="n">Available via World Wide Web.</subfield>
    <subfield code="n">Access may be limited to ebrary affiliated libraries.</subfield>
  </datafield>
  <datafield tag="650" ind1=" " ind2="0">
    <subfield code="a">Medicinal plants.</subfield>
  </datafield>
  <datafield tag="650" ind1=" " ind2="0">
    <subfield code="a">Plant bioactive compounds.</subfield>
  </datafield>
  <datafield tag="655" ind1=" " ind2="7">
    <subfield code="a">Electronic books.</subfield>
    <subfield code="2">local</subfield>
  </datafield>
  <datafield tag="700" ind1="1" ind2=" ">
    <subfield code="a">Cechinel-Filho, Valdir.</subfield>
  </datafield>
  <datafield tag="710" ind1="2" ind2=" ">
    <subfield code="a">ebrary, Inc.</subfield>
  </datafield>
  <datafield tag="830" ind1=" " ind2="0">
    <subfield code="a">Wiley series in drug discovery and development.</subfield>
  </datafield>
  <datafield tag="856" ind1="4" ind2="0">
    <subfield code="u">http://site.ebrary.com/lib/rucke/Doc?id=10558136</subfield>
    <subfield code="z">An electronic book accessible through the World Wide Web; click to view</subfield>
  </datafield>
  <datafield tag="999" ind1=" " ind2=" ">
    <subfield code="c">190613</subfield>
    <subfield code="d">190613</subfield>
  </datafield>
</record>
